| 000 | 00660nmm a2200229 a 4500 | ||
|---|---|---|---|
| 003 | AR-BaBNM | ||
| 005 | 20251128203411.0 | ||
| 008 | 217019s1972 ||||||||||||||000 | spa|| | ||
| 040 | _cAR-BaBNM | ||
| 100 | 1 | _aVernengo, Roberto José | |
| 245 | 1 | 0 | _aCurso de teoría general del derecho |
| 260 |
_aBuenos Aires _bCooperadora de Derecho y Ciencias Sociales _c1972 |
||
| 300 | 0 |
_a403 p. _bdiagr. |
|
| 500 | 0 | _aIndice analítico e índice general al final de la obra | |
| 600 | 1 | 4 | _aKelsen, Hans |
| 650 | 4 | _aDERECHO | |
| 650 | 4 | _aTEORIA DEL DERECHO | |
| 650 | 4 | _aENSENANZA DEL DERECHO | |
| 650 | 4 | _aFUENTES DEL DERECHO | |
| 942 | _cBK | ||
| 998 | _cAndrea | ||
| 999 |
_c3215 _d3215 |
||